RICS Land & Resources Update (Record no. 121560)

MARC details
000 -LEADER
fixed length control field 01971nam a22002417a 4500
008 - FIXED-LENGTH DATA ELEMENTS--GENERAL INFORMATION
fixed length control field 230626e20230626xxkq||||o|||| 00| 0 eng d
041 ## - LANGUAGE CODE
Language code of text/sound track or separate title eng
110 ## - MAIN ENTRY--CORPORATE NAME
Corporate author Royal Institution of Chartered Surveyors
245 ## - TITLE STATEMENT
Title RICS Land & Resources Update
Subtitle Early summer quarterly report June 2023
Medium [Electronic resource]
260 ## - PUBLICATION INFORMATION
Place of publication London,
Publisher Royal Institution of Chartered Surveyors,
Date 23 June 2023
490 ## - SERIES TITLE
Series statement RICS Land & Resources Update
Volume Early Summer 2023
520 ## - ABSTRACT
Abstract Defra Baroness Rock Review; Farm Tenancy Forum; Levelling Up and Regeneration Bill Consultation; Infrastructure Levy – Technical Consultation; DLUHC Housing Supply and Markets Division; FIG in Orlando; development of RICS policy paper on Critical Minerals working with our Critical Minerals EWG and influencing initiative; <br/>RICS involvement in UK Geospatial Strategy 2030; About planned updated 2nd ed Surveyors advising in respect of the Electronic Communications Code, 1st edition (rics.org) proposed, to start in earnest post the forthcoming release of OFCOM Code of Practice (Autumn 2023). Summaries of lots of other policy involvement including DCMS telecoms workshops.
650 ## - KEYWORDS
Keywords ELECTRONIC COMMUNICATIONS
650 ## - KEYWORDS
Keywords GEOSPATIAL
650 ## - KEYWORDS
Keywords LAND
650 ## - KEYWORDS
Keywords LEVELLING UP AND REGENERATION BILL
650 ## - KEYWORDS
Keywords TELECOMMUNICATIONS
651 ## - SUBJECT ADDED ENTRY--GEOGRAPHIC NAME
Geographic name United Kingdom
690 ## - BROAD SUBJECT
9 (RLIN) 6251
Broad subject Land use
710 ## - ADDED CORPORATE NAME
Added corporate author Royal Institution of Chartered Surveyors
856 ## - ONLINE RESOURCE
Uniform Resource Identifier <a href="https://view.officeapps.live.com/op/view.aspx?src=https%3A%2F%2Fhl-prod-ca-oc-download.s3.ca-central-1.amazonaws.com%2FRICS%2F6cd9722e-1f22-4276-8386-0188e85fd08d_file.docx%3FX-Amz-Expires%3D3600%26X-Amz-Algorithm%3DAWS4-HMAC-SHA256%26X-Amz-Credential%3DAKIAYP3G4YKN2XBRFBOE%2F20230626%2Fca-central-1%2Fs3%2Faws4_request%26X-Amz-Date%3D20230626T080721Z%26X-Amz-SignedHeaders%3Dhost%26X-Amz-Signature%3D0420de09b911f3665cb2a44a6993ca5b625ace1a6615e6d9cb2edd3d9eae678e&wdOrigin=BROWSELINK">https://view.officeapps.live.com/op/view.aspx?src=https%3A%2F%2Fhl-prod-ca-oc-download.s3.ca-central-1.amazonaws.com%2FRICS%2F6cd9722e-1f22-4276-8386-0188e85fd08d_file.docx%3FX-Amz-Expires%3D3600%26X-Amz-Algorithm%3DAWS4-HMAC-SHA256%26X-Amz-Credential%3DAKIAYP3G4YKN2XBRFBOE%2F20230626%2Fca-central-1%2Fs3%2Faws4_request%26X-Amz-Date%3D20230626T080721Z%26X-Amz-SignedHeaders%3Dhost%26X-Amz-Signature%3D0420de09b911f3665cb2a44a6993ca5b625ace1a6615e6d9cb2edd3d9eae678e&wdOrigin=BROWSELINK</a>
Public note Available online
942 ## - ADDED ENTRY ELEMENTS (KOHA)
Suppress in OPAC Do not suppress in OPAC
Holdings
Lost status Damaged status Not for loan Current library Shelving location Date acquired Total Checkouts Full call number Date last seen Price effective from Koha item type
      Virtual Online 26/06/2023   ONLINE JOURNAL 26/06/2023 26/06/2023 Online material